Statistics for Afrika'da ki Ülkelerin Yerlerini Biliyor Musun

Click here to take the quiz!

General Stats

  • This quiz has been taken 269 times
  • The average score is 22 of 54

Answers on the Map

Answers color-coded by a green-red scale on the quiz's map according to % correct below.
 

Answer Stats

Answer% Correct
Cezayir
80%
Angola
62%
Mısır
57%
Madagaskar
56%
Libya
54%
Etiyopya
53%
Fas
53%
Botsvana
52%
Çad
51%
Burkina Faso
49%
Eritre
49%
Güney Afrika Cumhuriyeti
49%
Burundi
48%
Benin
47%
Cibuti
47%
Mali
46%
Orta Afrika Cumhuriyeti
46%
Tunus
46%
Somali
45%
Lesotho
43%
Nijerya
42%
Demokratik Kongo Cumhuriyeti
41%
Yeşil Burun Adaları
41%
Güney Sudan
40%
Nijer
40%
Esvatini
39%
Kamerun
39%
Malavi
39%
Sudan
39%
Kenya
38%
Mozambik
38%
Fildişi Sahili
36%
Gabon
36%
Gambiya
36%
Ekvator Ginesi
34%
Moritanya
34%
Namibya
34%
São Tomé ve
Príncipe
34%
Liberya
33%
Tanzanya
33%
Kongo Cumhuriyeti
32%
Uganda
32%
Zimbabve
32%
Mauritius
31%
Togo
31%
Gana
30%
Ruanda
30%
Zambiya
30%
Komorlar
29%
Senegal
29%
Gine-Bissau
28%
Seyşeller
28%
Sierra Leone
28%
Gine
27%

Score Distribution

Percentile by Number Answered

Percent of People with Each Score

Your Score History

You have not taken this quiz